Manufacturing Technology lab Manual (Record no. 122)
[ view plain ]
| 000 -LEADER | |
|---|---|
| Fixed length control field | 00465nam a2200181 4500 |
| 003 - CONTROL NUMBER IDENTIFIER | |
| Control field | SEACOMEC |
| 005 - DATE AND TIME OF LATEST TRANSACTION | |
| Control field | 20240405131500.0 |
| 008 - FIXED-LENGTH DATA ELEMENTS--GENERAL INFORMATION | |
| Fixed length control field | 231006b |||||||| |||| 00| 0 eng d |
| 020 ## - INTERNATIONAL STANDARD BOOK NUMBER / ISBN | |
| Price | Rs. 125.00 |
| 040 ## - CATALOGING SOURCE | |
| Original cataloging agency | SEACOMEC |
| 082 ## - DEWEY DECIMAL CLASSIFICATION NUMBER | |
| Classification number | 670 |
| Book Number | J59 |
| 100 1# - MAIN ENTRY--PERSONAL NAME | |
| Personal name | Jeyapoovan, T. |
| 245 1# - TITLE STATEMENT | |
| Title | Manufacturing Technology lab Manual |
| Statement of responsibility | T. Jeyapoovan and S. Sundaram |
| 260 ## - IMPRINT | |
| Place of publication | New Delhi |
| Name of publisher | Vikas |
| Date of publication | 2005 |
| 650 ## - SUBJECT ADDED ENTRY--TOPICAL TERM | |
| Topical term | Manufacturing |
| 700 1# - ADDED ENTRY--PERSONAL NAME | |
| Personal name | Sundaram, S. |
| 942 ## - ADDED ENTRY ELEMENTS (KOHA) | |
| Koha item type | Books |
| Withdrawn status | Lost status | Source of classification | Damaged status | Not for loan | Home library | Current library | Date acquired | Total Checkouts | Call number | Accession number | Date last seen | Price effective from | Koha item type | Copy number |
|---|---|---|---|---|---|---|---|---|---|---|---|---|---|---|
| Dewey Decimal Classification | SEACOM ENGINEERING COLLEGE | SEACOM ENGINEERING COLLEGE | 29/07/2006 | 670 J59 | 4935 | 05/04/2024 | 05/04/2024 | Books | ||||||
| Dewey Decimal Classification | SEACOM ENGINEERING COLLEGE | SEACOM ENGINEERING COLLEGE | 05/04/2024 | 670 J59 | 4936 | 05/04/2024 | 05/04/2024 | Books | 1 | |||||
| Dewey Decimal Classification | SEACOM ENGINEERING COLLEGE | SEACOM ENGINEERING COLLEGE | 05/04/2024 | 670 J59 | 4937 | 05/04/2024 | 05/04/2024 | Books | 2 | |||||
| Dewey Decimal Classification | SEACOM ENGINEERING COLLEGE | SEACOM ENGINEERING COLLEGE | 05/04/2024 | 670 J59 | 4938 | 05/04/2024 | 05/04/2024 | Books | 3 | |||||
| Dewey Decimal Classification | SEACOM ENGINEERING COLLEGE | SEACOM ENGINEERING COLLEGE | 05/04/2024 | 670 J59 | 4939 | 05/04/2024 | 05/04/2024 | Books | 4 |
